000 00493nam a2200145 a 4500
001 000035220
005 20200930074203.0
008 111026s1900 le a 000 0 spa d
040 _aDO-SdBNP
_bspa
_cBNPHU
100 1 _aNelson, Ernesto
_960972
245 1 0 _aPrimeros ensayos en la física y la química de Appleton /
_cErnesto Nelson.
260 _aLondon :
_bD. Ppleton,
_c1900.
300 _a215 p. ;
_c20 cm.
586 _aObra premiada en la expocisión universal de St. Louis (Estados Unidos)
999 _c34711
_d34711